00306nam a22001217a 4500020001800000040000900018082001200027100001900039110001700058245004900075260004000124650002000164 a9781474922111 cNUST a823bCH aRussel Punter  aDavid Semple aApe's Great EscapebUsborne Phonics Readers aLondon:bUsborne Publishing.c2018. aEnglish Fiction